000
00310nam a22001337a 4500
008
181024b xxu||||| |||| 00| 0 eng d
020
_a
9789814577014
041
_a
eng
080
_2
8 ED
_a
159.9
100
_a
49
101
_a
PSI
245
_a
Psylogical Testing And Assesment
_c
Cohen.R
942
_2
udc
_c
BK
999
_c
50773
_d
50773